World City Names According to Hungarians - Statistics

General Stats
  • This quiz has been taken 173 times
  • The average score is 12 of 15
Answer Stats
város city % Correct
Párizs Paris
98%
Brüsszel Brussels
97%
Prága Prague
97%
Szófia Sofia
97%
Lisszabon Lisbon
96%
Zágráb Zagreb
93%
Szingapúr Singapore
91%
Krakkó Kraków
89%
Szentpétervár St Petersburg
87%
Velence Venice
85%
Varsó Warsaw
82%
Bécs Vienna
75%
Pozsony Bratislava
63%
Fokváros Cape Town
43%
Kassa Košice
39%
No matching quizzes found
Score Distribution
Percent of People with Each Score
Percentile by Number Answered
Your Score History
You have not taken this quiz